Statistics for 2011- ATP Tennis Most Aces

Click here to take the quiz!

General Stats

  • This quiz has been taken 311 times
    (304 since last reset)
  • The average score is 10 of 20

Answer Stats

Number of AcesPlayer% Correct
504Roger Federer
97%
811John Isner
89%
494Andy Murray
79%
567Andy Roddick
76%
632Ivo karlovic
76%
825Jo-Wilfried Tsonga
71%
475Juan Martin Del Potro
64%
637Milos Raonic
59%
482Tomas Berdych
58%
436Marin Cilic
51%
414Gael Monfils
44%
719Kevin Anderson
40%
734Feliciano Lopez
37%
444Janko Tipsarevic
36%
486Mardy Fish
36%
546Nicolas Almagro
33%
559Alexandr Dolgopolov
22%
466Viktor Troicki
19%
451Ivan Ljubicic
17%
400Marcos Baghdatis
13%

Score Distribution

Percentile by Number Answered

Percent of People with Each Score

Your Score History

You have not taken this quiz since the last reset